| LDR | | 00000nam c2200205 k 4500 |
| 001 | | 000000341311 |
| 005 | | 20260415163702 |
| 007 | | ta |
| 008 | | 260407s2014 ggka r 000a kor |
| 020 | |
▼a 9788932634838
▼g 94670 :
▼c \5000 |
| 020 | |
▼a 9788932634883(전8권) |
| 040 | |
▼a 248032
▼c 248032
▼d 248032 |
| 049 | 0 |
▼l EM111942
▼v 4
▼l EM111943
▼v 4
▼c 2 |
| 056 | |
▼a 671
▼2 4 |
| 090 | |
▼a 671
▼b 뮤78ㅇ |
| 245 | 20 |
▼a 음악아~ 놀아줘! :
▼b 어린이 음악이론 입문.
▼n 4 /
▼d 뮤직인큐베이터;
▼e 백경화,
▼e 성하영,
▼e 이인 |
| 250 | |
▼a [초판] |
| 260 | |
▼a 파주 :
▼b Samhomusic(삼호뮤직),
▼c 2014 |
| 300 | |
▼a 63 p. :
▼b 천연색삽화 ;
▼c 31 cm |
| 490 | 10 |
▼a Children's Music Theory |
| 500 | |
▼a 권말에 스티커 수록 |
| 653 | |
▼a 음악 이론
▼a 어린이 음악
▼a 어린이 작곡 |
| 700 | 1 |
▼a 백경화,
▼e 저 |
| 700 | 1 |
▼a 성하영,
▼e 공저 |
| 700 | 1 |
▼a 이인,
▼e 공저 |
| 710 | |
▼a 뮤직인큐베이터 |
| 830 | |
▼a Children's Music Theory |
| 950 | 0 |
▼b \5000 |
| 990 | |
▼a 관리자2
▼b 관리자2 |